000
00264nam a2200109Ia 4500
008
240625s9999 xx 000 0 und d
041
_a
eng
082
_a
658.88 DAS
100
_a
DAS SATYAJIT
245
_a
CREDIT DERIVATIVES AND CREDIT LINKED NOTES
260
_c
2000
999
_c
33906
_d
33906